000 00517nam a2200181Ia 4500
008 100920s9999 xx 000 0 und d
082 _b67912
_a--- 0
100 _aमांडे अरुण.
245 _aवाईल्ड कार्ड.
260 _b---
_c0
300 _a214
_bसाधी
365 _b150
520 _aकादंबरी.
630 _aवाईल्ड कार्ड.
650 _aकादंबरी.
730 _aवाईल्ड कार्ड.
942 _cBOOK
999 _c710317
_d710314